TDS Quiz 1 - Statistics

General Stats
  • This quiz has been taken 111 times
  • The average score is 15 of 20
Answer Stats
Question Answer % Correct
What tower do you get once you reach level 100? Pursuit
97%
Which one of these towers is an admin exclusive tower? War Machine
97%
Which enemy is the final boss for intermediate mode? Patient Zero
96%
What tower used to be the Militant tower? John
95%
What was the first hardcore tower in TDS? Accelerator
92%
Who is the owner of TDS? BelowNatural
91%
What is currently the most expensive tower in the game? (coins) Gatling Gun
90%
Who was the final boss on the old polluted wastelands? Nuclear Fallen King
86%
Who composes most of the music for TDS? Phoqus
86%
Which of these towers does the most DPS at max? (In terms of a single tower) Gatling Gun
83%
What was the original name for the Slasher tower? Shredder
82%
Who is the main map builder for TDS? Your_Adversary
82%
What special gamemode was released on Halloween of 2022? Pizza Party
79%
What is the oldest event tower in the game? Gladiator
78%
What was the longest event in TDS? Frost Invasion Event
63%
What was the first boss in TDS to have 1 million HP? Frost Spirit
60%
What enemy is currently the strongest boss in TDS? Nuclear Monster
56%
What mission quest requires you to beat Winter Stronghold on fallen mode twice? Unyielding Shooter (Fallen Minigunner)
51%
What 2 event towers are the only towers to not be put on sale? Commando & Swarmer
45%
When was the MEGA update? October 13th, 2019
36%
No matching quizzes found
Score Distribution
Percent of People with Each Score
Percentile by Number Answered
Your Score History
You have not taken this quiz